00355nam a2200121 a 450000500170000000800410001705000220005824500420008026000480012244000150017065000210018565000270020620140414131935.0110112s19uu xx 00 eng d aREF 612bD65 2004 aDo I have bendy bones? :bHuman body. aNashville, Tennessee :bMiles Kelly,c2004. aAsk me why aHuman anatomyx  aQuestions and answers.